Pokémon de type Plante - Mort Subite - Statistiques

Statistiques générales
  • Ce quiz a été pris 1 613 fois
  • Le résultat moyen est 9 sur 20
Answers on the Grid
Answers color-coded by a green-red scale on the quiz's grid according to % correct below.
Bulbizarre
Chevroum
Pimito
Bouldeneu
Sucreine
Grindur
Viridium
Dratatin
Lombre
Tokotoro
Parasect
Olivini
Celebi
Terracruel
Virovent
Archéduc
Fongus-Furie
Miascarade
Floravol
Tropius
Simularbre
Hachécateur
Boumata
Guérilande
Capumain
Zeraora
Cheniti
Barbicha
Keunotor
Mammochon
Seviper
Nanméouïe
Baggaïd
Scalpereur
Libégon
Ama-Ama
Scarabrute
Bibichut
Hurle-Queue
Épine-de-Fer
 
Statistiques - réponses
Réponse % Correct
Bulbizarre
61%
Celebi
54%
Chevroum
52%
Tropius
52%
Archéduc
49%
Floravol
49%
Viridium
49%
Olivini
48%
Bouldeneu
47%
Sucreine
46%
Lombre
45%
Miascarade
45%
Grindur
42%
Parasect
37%
Tokotoro
36%
Dratatin
35%
Pimito
35%
Virovent
34%
Fongus-Furie
30%
Terracruel
29%
Aucun quiz correspondant
Distribution des résultats
% des personnes avec chaque résultat
Percentile par nombre de réponses
Votre historique - résultats
Vous n’avez pas pris ce quiz